| 000 | 00000nam##2200000za#4500 |
| 001 | 9.643941 |
| 003 | CaOODSP |
| 005 | 20210624224418 |
| 007 | cr ||||||||||| |
| 008 | 150407|2005||||xxc|||||o f|0| 0 fre|d |
| 040 | |aCaOODSP|bfre |
| 043 | |an-cn--- |
| 086 | 1 |aV32-148/2005F-PDF |
| 110 | 1 |aCanada. |bAnciens combattants Canada. |
| 245 | 13|aLe Canada se souvient - la défense de Hong Kong |h[ressource électronique] |
| 260 | |aCharlottetown - Ile du Prince-Édouard : |bAnciens Combattants Canada |cc2005. |
| 300 | |a2p. |
| 500 | |aLe n° de catalogue (V32-148/2005) et l'ISBN (0-662-69058-3) de l'édition imprimée bilingue ont été copiés dans l'édition électronique. |
| 590 | |a14-17-Supp|b2014-10-09 |
| 775 | 08|tCanada remembers - the defence of Hong Kong |w(CaOODSP)9.700026 |
| 776 | 0#|tThe Defence of Hong Kong |w(CaOODSP)9.666535 |
| 776 | 0#|tLa défense de Hong Kong |w(CaOODSP)9.666536 |
| 856 | 40|ahttp://publications.gc.ca|qPDF|s450 Ko|uhttps://publications.gc.ca/collections/collection_2014/acc-vac/V32-148-2005-fra.pdf |